000
00225nam a2200121Ia 4500
100
_a
#N/A
942
_c
BK
654
_a
MULTIMEDIA
245
_a
MULTIMEDIA ON PC
260
_b
BPB Publ.
082
_b
SIN
546
_a
ENGLISH
999
_c
20786
_d
20786